| 000 | 01452nam0a2200349 4500 | ||
|---|---|---|---|
| 001 | RU\NLR\bibl\908463 | ||
| 005 | 20250614182546.0 | ||
| 010 |
_a5-17-031764-6 _bАСТ |
||
| 010 |
_a5-271-11821-5 _bАстрель _95000 |
||
| 021 |
_aRU _b2005-77350 _93811 |
||
| 035 | _a(nilc)RSL-KNO-002775138 | ||
| 035 | _a(NLR Aleph) 000896825 | ||
| 090 |
_a1752807 _c1752807 |
||
| 100 | _a20051125d2005 |||y0rusy50 ca | ||
| 101 | 1 |
_arus _ceng |
|
| 102 | _aRU | ||
| 105 | _ay ||||||||| | ||
| 106 | _ar | ||
| 200 | 1 |
_a1440 причин бросить курить _eпо одной на каждую минуту дня _fБилл Додс _g[пер. с англ. А. Банкрашкова] |
|
| 210 |
_aМ. _cАСТ _cАстрель _d2005 _gГУП ИПК Ульян. Дом печати |
||
| 215 |
_a174, [1] с. _d16 |
||
| 606 | 1 |
_aКурение _xБорьба с ним _91414111 _3RU\NLR\auth\66596172 |
|
| 610 | 0 | _aЗдравоохранение. Медицинские науки -- Внутренние болезни -- Отравления -- Отравления ядами растительного происхождения -- Табак -- Популярное издание | |
| 686 |
_aР419.491я9 _2rubbk |
||
| 686 | _aР120.482.2 | ||
| 700 | 1 |
_aДодс _bБ. _gБилл _4070 |
|
| 801 | 0 |
_aRU _bRuMoRKP _c20051125 _grcr |
|
| 801 | 1 |
_aRU _bRuMoRGB _c20051125 |
|
| 801 | 2 |
_aRU _bNLR _c20060217 _grcr |
|
| 942 | _cBOOK | ||
| 980 | _aNB | ||